00701nam a22001817a 4500952016700000999001700167003000400184005001700188008004100205020001800246040000900264082002500273100002400298245009800322260003400420300000900454942005600463 00102ddc40708BIOGRAPHIESaMESbMEScBIOGRAPHIESd2021-02-25l4m4o956.704431092 MUR/Lp40891r2024-11-11 16:15:15s2024-10-23v499.00w2021-02-25yBKzGL35R4 c41022d41022OSt20210226113150.0210225b ||||| |||| 00| 0 eng d a9780349009773 coclc a956.704431092bMUR/L 98491aMurad, Nadia  aThe Last Girl : My Story of Capitivity and My Fight Against the Islamic State /cNadia Murad  aLondon:bVirago Press,c2018. a306p 2ddccBKiMUR/Lk956.704431092mMUR/Lh956.704431092